La dinámica comparativa del sector informal en México /
Sintético análisis y evaluación del sector informal en la economía mexicana durante la década de 1990 e inicios del siglo XXI, en el que son examinadas sus características en comparación con el sector formal.
Gorde:
| Egile nagusia: | |
|---|---|
| Formatua: | Liburua |
| Hizkuntza: | gaztelania |
| Argitaratua: |
México :
Universidad Iberoamericana, Plantel Santa Fe,
2007, c2007
|
| Saila: | (Documentos de Investigación Instituto de Investigaciones sobre Desarrollo Sustentable y Equidad Social ;
19) |
| Gaiak: | |
| Etiketak: |
Etiketarik gabe, Izan zaitez lehena erregistro honi etiketa jartzen!
|
MARC
| LEADER | 00000nam^a2200000^a^4500 | ||
|---|---|---|---|
| 001 | 000292752 | ||
| 005 | 20250521000000.0 | ||
| 009 | 20260310112118.91 | ||
| 037 | |a Acervo ITESO - Biblioteca | ||
| 041 | |a ESP | ||
| 082 | |a 330. 972063 |b ROD | ||
| 100 | |a Rodríguez Oreggia, Eduardo |e (autor) | ||
| 245 | 1 | 3 | |a La dinámica comparativa del sector informal en México / |c E. Rodríguez-Oreggia. |
| 264 | 4 | |a México : |b Universidad Iberoamericana, Plantel Santa Fe, |c 2007, c2007 | |
| 300 | |a 53 p. | ||
| 336 | |a texto |b txt |2 rdacontenido | ||
| 337 | |a sin mediación |b n |2 rdamedio | ||
| 338 | |a volumen |b nc |2 rdasoporte | ||
| 440 | 1 | |a (Documentos de Investigación Instituto de Investigaciones sobre Desarrollo Sustentable y Equidad Social ; |v 19) | |
| 520 | |a Sintético análisis y evaluación del sector informal en la economía mexicana durante la década de 1990 e inicios del siglo XXI, en el que son examinadas sus características en comparación con el sector formal. | ||
| 649 | |a XX | ||
| 650 | |a Economía Suterránea - |z México - |x Estadísticas - |x Tema Principal | ||
| 650 | |a Sectores Económicos - |z México - |x Estadísticas | ||
| 650 | |a Mercado de Trabajo - |z México - |x Estadísticas | ||
| 650 | |a Empleo y Desempleo - |z México - |x Estadísticas | ||
| 650 | |a México - |x Condiciones Económicas | ||
| 650 | |a Economía - |z México - |x Estadísticas | ||
| 650 | |a Economía - |z México - |x Historia - |y 1946-2000 | ||
| 650 | |a Economía - |z México - |x Historia - |y Siglo XX | ||
| 650 | |a Economía - |z México - |x Historia - |y 2000-2006 | ||
| 650 | |a Economía - |z México - |x Historia - |y Siglo XXI | ||
| 910 | |a Fondo General | ||
| 920 | |a Impresos - Libros | ||
| 930 | |a Colección General | ||
| 905 | |a 101 | ||
| 901 | |a 0500178959 |b IT1 |c ACC |i 906699 |u 20250521 | ||
| 902 | |a https://opac.biblio.iteso.mx/vufind/Record/000292752 | ||